000 01382cam a22003494a 4500
005 20260322212020.0
008 data
010 _a 2012277229
020 _a9781465401922 (hardcover)
020 _a146540192X (hardcover)
020 _a146540192X
040 _aBTCTA
_beng
_cBTCTA
_dDLC
_dIH8
_dTXHLC
_dDLC
042 _alccopycat
050 0 0 _aRJ61
_b.B1215 2013
082 0 4 _a649.1/22
_223
092 _a649.1 B1215 2013
245 1 4 _aThe baby book /
_cDK Publishing, Inc.
250 _a1st American ed.
260 _aNew York :
_bDK,
_c2013.
300 _a320 p. :
_bcol. ill. ;
_c27 cm.
504 _aIncludes index.
520 _aCelebrate the joys of pregnancy and parenthood. The Baby Book presents fascinating facts along side practical advice on all aspects of being a modern parent--from pregnancy and birth to baby and childcare for the first three years, including a specific chapter on having another baby.
650 0 _aInfants
_xCare
_vHandbooks, manuals, etc.
650 0 _aChild care
_vHandbooks, manuals, etc.
650 0 _aPregnancy
_vHandbooks, manuals, etc.
650 0 _aChildbirth
_vHandbooks, manuals, etc.
720 2 _aDK Publishing, Inc.
906 _a7
_bcbc
_ccopycat
_d2
_encip
_f20
_gy-gencatlg
925 0 _aacquire
_b2 shelf copies
_xpolicy default
001 data
999 _c452
_d452